01776nam a2200445 i 450000100060000000300080000600500170001400600190003100700150005000800410006502000270010602000180013303500230015103500240017403500250019803500210022304000310024405000220027508000180029708200120031510000230032724501210035026400660047130000510053733600310058833700330061933800480065250000270070050400340072758801510076159001590091265000390107165000540111065000150116465000210117965500320120079700190123285600620125199900170131388465FlNmELB20241217171640.0m o d | cr cnu||||||||160824s2015 sp ob 001 0 cat d a9788484098072 (e-book) z9788484097532 a(MiAaPQ)EBC4570038 a(Au-PeEL)EBL4570038 a(CaPaEBR)ebr11231195 a(OCoLC)984814449 aFINmELBbspaerdacFINmELB 4aPC4700bB365 2015 a811.134.2'2820 a4672231 aBea Pons, Isaac.13aEl l{grave}exic del Pallars Sobira i la Vall Fosca a trav{acute}es de la seua fon{grave}etica /cIsaac Bea Pons. 1aL{acute}erida :bEdicions de la Universitat de Lleida,c2015. a1 recurso en l{acute}inea (225 p{acute}aginas) atextobtxt2rdacontent/spa acomputadorabc2rdamedia/spa arecurso en l{acute}ineabcr2rdacarrier/spa aIncluye {acute}indice. aContiene bibliograf{acute}ia. aDescripci{acute}on basada en recurso en l{acute}inea; T{acute}itulo de la p{acute}agina del t{acute}itulo en PDF (e-libro, visto August 26, 2016). aRecurso electronico. Santa Fe, Arg. : e-libro, 2016. Disponible via World Wide Web. El acceso puede ser limitado para las bibliotecas afiliadas a e-libro. 0aSpanish languagexDialectszSpain. 4aLengua espa{tilde}nolaxDialectoszEspa{tilde}na. 0aPhonetics. 4aFon{acute}etica. 4aLibros electr{acute}onicos.2 ae-libro, Corp.40uhttps://elibro.net/ereader/politecnicointernacional/54745 c88465d88465